Microscope Lab Practical for class - Statistics

General Stats
  • This quiz has been taken 25 times
  • The average score is 5 of 7
Answer Stats
Hint Answer % Correct
Student ________ and turns on microscope plugs in
94%
The (above) is secured with __________ stage clips
88%
______ adjustment knob is not used under med./high power coarse
82%
Stage is set to ______ setting lowest
71%
The student starts with the ________ objective lens low power
71%
The ________ is used to change the light level diaphragm
65%
The _____ containes the specimen slide
65%
No matching quizzes found
Score Distribution
Percent of People with Each Score
Percentile by Number Answered
Your Score History
You have not taken this quiz